Mechanical behavior of engineering materials (Record no. 22120)

000 -LEADER
fixed length control field 00506nam a22001931 4500
001 - CONTROL NUMBER
control field 22120
003 - CONTROL NUMBER IDENTIFIER
control field BD-DhUET
008 - FIXED-LENGTH DATA ELEMENTS--GENERAL INFORMATION
fixed length control field 800331s1962 paua b s000 0 eng
040 ## - CATALOGING SOURCE
Original cataloging agency DLC
Transcribing agency TxCM
Modifying agency BD-DhUET
082 ## - DEWEY DECIMAL CLASSIFICATION NUMBER
Classification number 620.1
Item number MAR/1963
100 ## - MAIN ENTRY--PERSONAL NAME
Personal name Marin, Joseph
245 10 - TITLE STATEMENT
Title Mechanical behavior of engineering materials
250 ## - EDITION STATEMENT
Edition statement 1st ed.
260 ## - PUBLICATION, DISTRIBUTION, ETC. (IMPRINT)
Place of publication, distribution, etc. New Jersey
Name of publisher, distributor, etc. Prentice-Hall
Date of publication, distribution, etc. 1963
300 ## - PHYSICAL DESCRIPTION
Extent x, 502 p.
Other physical details ill.
504 ## - BIBLIOGRAPHY, ETC. NOTE
Bibliography, etc Includes bibliographies
650 #0 - SUBJECT ADDED ENTRY--TOPICAL TERM
Topical term or geographic name as entry element Applied mechanics
942 ## - ADDED ENTRY ELEMENTS (KOHA)
Koha item type General Book
Holdings
Date acquired Price effective from Damaged status Koha item type Koha date last seen Piece designation (barcode) Sublocation or collection (holding branch) Withdrawn status Koha full call number Shelving location Koha issues (times borrowed) Copy number Koha normalized classification for sorting Lost status Location (home branch) Koha date last borrowed Source of classification or shelving scheme Not for loan Koha out on loan
2015-04-232015-04-23 General Book2015-04-2321007Central Library, BUET 620.1/MAR/1963Circulation section 1620_100000000000000_MAR_1963 Central Library, BUET    
2015-04-232015-04-23 General Book2022-07-031571Central Library, BUET 620.1/MAR/1963Circulation section12620_100000000000000_MAR_1963 Central Library, BUET2022-07-03  2023-07-03
2015-04-252015-04-25 General Book2015-04-251570Central Library, BUET 620.1/MAR/1963Circulation section 3620_100000000000000_MAR_1963 Central Library, BUET    
2015-04-302015-04-30 General Book2015-04-3025732Central Library, BUET 620.1/MAR/1963Circulation section 4620_100000000000000_MAR_1963 Central Library, BUET    
2015-08-232015-08-23 General Book2015-08-2317659Central Library, BUET 620.1/MAR/1963Circulation section 5620_100000000000000_MAR_1963 Central Library, BUET